Clic Records en tous genre (1) - Statistiques

Statistiques générales
  • Ce quiz a été pris 123 fois
  • Le résultat moyen est 18 sur 30
Statistiques - réponses
Hint Explanation Réponse % Correct
Quel est le plus grand poisson du monde ? Entre 4 et 14 m Requin baleine
97%
Quel est le temps du record du monde de marathon masculin depuis octobre 2023 ? Par Kelvin Kiptum 2h 35s
91%
Qui est la femme la plus suivie du monde sur Instagram ? 260 M Ariana Grande
91%
Qui est l'homme le plus suivi du monde sur Instagram ?
330 M
Christiano Ronaldo
91%
Quel est le plus grand pays d'Afrique ? 2 381 741 km2 Algérie
85%
Quel jeu vidéo s'est le plus vendu ? de Nintendo / 84 M d'exemplaires Wii Sports
85%
Quel est le plus gros avion de transport du monde ? Il n'en existait qu'un exemplaire Antonov An-225
82%
Quel est le train sur rail le plus rapide du monde ? 574.8 km/h TGV
82%
Où se trouve le musée le plus visité du monde ? Le Louvre Paris
74%
Quelle actrice a reçu le plus grand nombre de Césars ? 5 Isabelle Adjani
73%
En France, dans quel département se trouve la commune au nom le plus long ? Saint-Remy-en-Bouzemont-Saint-Genest-et-Isson Marne
73%
Quelle est la plus grande église du monde ? Vatican 2,3 hectare St Pierre de Rome
71%
Quelle est l'île la plus isolée du monde ? 2740 km de la terre la plus proche Sainte-Hélène
68%
De quelle nationalité est le recordman de réalisation de Rubik's cube ? Guanbo Wang / 47 s Chinoise
63%
Quel est le vin le plus cher au litre ? 1945 Mouton-Rothschild
61%
Qui a écrit la pièce représentée depuis le plus longtemps à ce jour ? Depuis 1952 / La Souricière Agatha Christie
59%
Qui a été le plus petit acteur du monde ? 71 CM Nelson de la Rosa
59%
Quelle est la nationalité de la plus ancienne banque du monde ? Monte dei Paschi di Siena Italienne
56%
Où se trouve le plus grand château du monde ? 63154 m2 habitables Versailles
54%
Quelle actrice a eu la carrière la plus longue du cinéma ? 78 ans Maxine Elliot Hicks
50%
Quel est le pays le moins densément peuplé du monde ? 2 hab/km2 Mongolie
50%
Quel est le plus long feuilleton télévisé du monde Depuis 1960 Coronation street
47%
Dans quel pays a eu lieu la plus importante catastrophe industrielle ? A Bhopal, entre 16000 et 30000 victimes Inde
46%
Dans quel pays l'espérance de vie est la plus faible du monde ? 37,7 ans Sierra Leone
46%
Où se trouve la plus haute mosquée du monde ? Mosquée Hassan II Casablanca
36%
Quel est le tunnel ferroviaire le plus long du monde ? 57 km Saint-Gothard
36%
Dans quel pays se trouve le plus ancien zoo du monde ? Schonbrunn / Fondé en 1752 Autriche
32%
Dans quel pays se trouve le nom de commune le plus long du monde ? Bangkok a pour nom local : Krung Thep Mahanakhon Amon Rattanakosin Mahinthara Ayutthaya Mahadilok Phop Noppharat Ratchathani Burirom Udomratchaniwet Mahasathan Amon Piman Awatan Sathit Sakkathattiya Witsanukam Prasit Thaïlande
22%
Dans quel pays se trouve la lus ancienne université encore en activité ? Fondée en 859 Maroc
13%
Dans quel pays est exposé le plus grand cigare du monde ? Au musée du tabac de Skansen Suède
8%
Aucun quiz correspondant
Distribution des résultats
% des personnes avec chaque résultat
Percentile par nombre de réponses
Votre historique - résultats
Vous n’avez pas pris ce quiz